Responses for Show #4472 - Tuesday, February 3, 2004

(Sofia: We've got some boxing clues that'll knock you out, coming up on Jeopardy!)

Contestants

[<< previous game]

Marianne Henderson, a retired communications executive from Merry Point, Virginia

Ron Banks, a singer and actor from Costa Mesa, California

Jeff Kuhn, an attorney from Fairport, New York (whose 3-day cash winnings total $48,702)

[next game >>]

Jeopardy! Round responses

PUERTO RICO
QUOTABLE MOVIES
SUITS ME JUST FINE
THINGS THAT HAPPENED
BUSINESS & INDUSTRY
ENDS IN "CH"
    $200 26
rum

Ron
    $200 1
Citizen Kane

Ron
    $200 17
Club

Jeff
    $200 11
Mecca

Ron
    $200 6
Elmer

Ron
    $200 16
monarch

Jeff
    $400 27
(Jeff: What is self-government?)

citizenship

JeffMarianne
    $400 2
(Jeff: What is "Red Dragon?")
(Ron: What is "Silence of the Lambs?")

Hannibal

JeffRon
Triple Stumper
    $400 18
diamond

Ron
    $400 12
the Suez Canal

Ron
    $400 7
(Ron: Who is Alfred P. Neuman?)

Alfred E. Neuman

JeffRon
    $400 22
spinach

Marianne
    $600 28
San Juan

Jeff
    $600 3
Little Shop of Horrors

Triple Stumper
    $600 19
Sam Spade

Triple Stumper
    $600 13
Charlemagne

Ron
    $600 8
the National Enquirer

Marianne
    $600 23
(Alex: With a minute to go.)

Dutch

Marianne
    $800 29
Ponce de Leon

Marianne
    $800 4
The Graduate

Ron
    $800 20
diamond

Marianne
    $1,000 14
(Ron: Who is Czar Nicholas?)

Peter the Great

Ron
    $800 9
speakers

Jeff
    $800 24
Sasquatch

Ron
    $1000 30
(Pablo) Casals

Marianne
    $1000 5
Batman

Jeff
    $1000 21
heart

Marianne
    $1000 15
(Otto von) Bismarck

Marianne
    $1000 10
Pirelli

Ron
    $1000 25
kvetch

Ron

Scores at the first commercial break (after clue 14):

Jeff Ron Marianne
$1,800 $1,600 $600

Scores at the end of the Jeopardy! Round:

Jeff Ron Marianne
$2,400 $4,000 $6,600

Double Jeopardy! Round responses

ELEMENT"S"
AMERICAN SONGS
NAMES IN STATES
BOXING
LOSING, LOSING, & MORE LOSING
THAT'S THE STORY OF MY LIFE
    $400 13
(Jeff: What is gold?)

silver

JeffRon
    $400 6
(Jeff: What is "The Woman in White?")

"The Man in White"

Jeff
Triple Stumper
    $400 8
(Alex: You can find "Tuck" in "Kentucky".)

Tuck

Marianne
    $400 1
Muhammad Ali

Jeff
    $400 26
their mittens

Ron
    $400 21
Katharine Hepburn

Marianne
    $800 14
sodium

Ron
    $800 7
"No News"

Jeff
    $800 9
Louis (from "Louisiana")

Jeff
    $800 2
a neutral corner

Jeff
    $800 27
the Buffalo Bills

Jeff
    $800 22
Lucille Ball

Marianne
    $1200 15
(Ron: What is selenium?)

strontium

Ron
Triple Stumper
    $1200 18
Waikiki

Ron
    $1200 10
Virginia

Ron
    $1200 3
sparring

Ron
    $1200 28
2, 3, or 12

Ron
    $1200 23
Lance Armstrong

Ron
    $1600 16
(Ron: What is silicon?)

sulphur

RonMarianne
    $1600 19
Columbia

Triple Stumper
    $1600 11
(Ron: What is Florida?)

Lori (from "Florida")

JeffRon
    $1600 4
Queensberry

Ron
    $2,000 29
Joseph

Ron
    $1600 24
George W. Bush

Triple Stumper
    $2,000 17
(Alex: Ron would have known that!)

selenium

Marianne
    $2000 20
"Hooray for Hollywood"

Triple Stumper
    $2000 12
Uta (from "Utah")

Ron
    $2000 5
Jake LaMotta

Ron
    $2000 30
ion

Marianne
    $2000 25
(Tom) Parker

Marianne

Scores at the end of the Double Jeopardy! Round:

Jeff Ron Marianne
$6,800 $14,800 $15,800

[wagering suggestions for these scores]

Final Jeopardy! Round responses

ARBOREAL MAMMALS
JeffWhat is a sloth?
$4,000
RonWhat is a tree sloth
$14,500
MarianneWhat is a grizzly bear
$1,999
a koala

Final scores:

Jeff Ron Marianne
$2,800 $300 $13,801
2nd place: $2,000 3rd place: $1,000 New champion: $13,801

Game dynamics:

Coryat scores:

Jeff Ron Marianne
$6,800 $15,400 $15,800
12 R,
4 W
23 R
(including 1 DD),
6 W
(including 1 DD)
16 R
(including 1 DD),
0 W

Combined Coryat: $38,000

[game clues] [game scores] [suggest correction]

Game tape date: 2003-11-21
The J! Archive is created by fans, for fans. Scraping, republication, monetization, and malicious use prohibited; this site may use cookies and collect identifying information. See terms. The Jeopardy! game show and all elements thereof, including but not limited to copyright and trademark thereto, are the property of Jeopardy Productions, Inc. and are protected under law. This website is not affiliated with, sponsored by, or operated by Jeopardy Productions, Inc. Join the discussion at JBoard.tv.